| 000 | 00386nam a2200169Ia 4500 | ||
|---|---|---|---|
| 100 | _aDietel/H.M/ Dietel/P.J | ||
| 650 | _aComputers | ||
| 250 | _a3 | ||
| 942 | _cBK | ||
| 366 | _f20 | ||
| 654 | _ainternet | ||
| 245 | _aInternet and World Wide Web:How to program | ||
| 260 |
_bPearson Education _aMumbai _c2004 |
||
| 082 |
_a004.69/DIE _bDIE |
||
| 300 | _a1589 | ||
| 546 | _aENGLISH | ||
| 999 |
_c30314 _d30314 |
||